000 00480nam a2200181Ia 4500
001 10922
005 20260306161908.0
008 260306t2005||||xx |||||||||||||| ||spa||
041 _aESP
082 _a982.004
_bB76
100 _aBotana, Natalio R.
_eAUT
245 0 _aLa tradición republicana:
_bAlberdi, Sarmiento y las ideas políticas de su tiempo
260 _c2005
300 _a509 páginas :
_c19 cm.
650 _aGEN
654 _aCHU
942 _cLIB
_dJUS
_fJUS
_2ddc
_n
999 _c10922
_d10922